Series TV - simple - Statistiques

Statistiques générales
  • Ce quiz a été pris 1 131 fois
  • Le résultat moyen est 9 sur 15
Statistiques - réponses
Hint Réponse % Correct
Tokyo, Berlin, Moscou, Rio La casa de papel
96%
Michael Scofield, Lincoln Burrows Prison break
82%
Eleven, Mike, Dustin, Will, Max Stranger things
82%
Polo, Nano, Lu, Marina, Guzman, Ander, Omar Elite
68%
Archie Andrews, Betty Cooper, Veronica Lodge Riverdale
67%
Otis Milburn, Eric Effiong, Maeve Wiley Sex education
66%
Seong Gi-Hun, Cho Sang-Woo, Kang Sae-byeok Squid game
66%
Clarke Griffin, Bellamy Blake, Octavia Blake The 100
62%
Damon salvatore, Stephan Salvatore, Elena Gilbert Vampire diaries
62%
Joe Goldberg, Love Quinn, Guinevere Beck You
57%
Lorelai Gilmore, Rory Gilmore, Luke Danes Gilmore girls
54%
Aria montgomery, Spencer Hasting, Emily Fields Pretty little liars
54%
Shaun Murphy, Claire Brown, Alex Park Good doctor
42%
Jane Villanueva, Xiomara Villanueva, Rafael Solano Jane the virgin
39%
Debra Morgan, Angel Batista, Maria LaGuerta Dexter
17%
Aucun quiz correspondant
Distribution des résultats
% des personnes avec chaque résultat
Percentile par nombre de réponses
Votre historique - résultats
Vous n’avez pas pris ce quiz